[Event "died "]
[Site "SchemingMind.com"]
[Date "2024.06.07"]
[Round "-"]
[White "Steven DuCharme"]
[Black "Kenny Elliott"]
[Result "1/2-1/2"]
[WhiteCountry "USA"]
[BlackCountry "USA"]
[WhiteElo "1551"]
[WhiteRD "53"]
[BlackElo "1448"]
[BlackRD "68"]
[GameID "745164"]

1. g3 e5 2. Bg2 Nf6 3. d3 d5 4. Nf3 Nc6 5. O-O Bc5 6. Nxe5 Bxf2+ 7. Rxf2 Nxe5 8. Bg5 Be6 9. h3 O-O 10. Nc3 Ned7
11. Bxf6 Nxf6 12. Kh2 c6 13. e4 Qb6 14. Rxf6 Qxb2 15. Rf3 Qxc3 16. d4 Qa5 17. e5 Qd8 18. a4 b5 19. axb5 cxb5 20. Rb3 a6
21. Qd2 Qb6 22. c3 Ra7 23. g4 f6 24. Rf1 fxe5 25. Rxf8+ Kxf8 26. dxe5 a5 27. Bxd5 Bxd5 28. Qxd5 Qf2+ 29. Kh1 Qf1+ 30. Kh2=
1/2-1/2

[Event "died "]
[Site "SchemingMind.com"]
[Date "2024.06.07"]
[Round "-"]
[White "Kenny Elliott"]
[Black "Steven DuCharme"]
[Result "1-0"]
[WhiteCountry "USA"]
[BlackCountry "USA"]
[WhiteElo "1448"]
[WhiteRD "68"]
[BlackElo "1551"]
[BlackRD "53"]
[GameID "745165"]

1. d4 Nf6 2. c4 c6 3. Nc3 d5 4. Bg5 Ne4 5. Nxe4 dxe4 6. e3 Qa5+ 7. Qd2 Qxg5 8. g3 h5 9. Nh3 Bxh3 10. Bxh3 e6
11. Bg2 f5 12. d5 exd5 13. cxd5 cxd5 14. Qxd5 Bb4+ 15. Kf1 Nc6 16. Qe6+ Qe7 17. Qxf5 Qe5 18. Qxe4 Qxe4 19. Bxe4 Kf7 20. Rd1 Rhd8
21. Bd5+ Kf6 22. Kg2 Na5 23. e4 Rac8 24. a3 Bf8 25. Rd3 Nc6 26. Rf3+ Kg6 27. Rf5 Ne7 28. Bf7+ Kh6 29. Rxh5#
1-0

[Event "died "]
[Site "SchemingMind.com"]
[Date "2024.06.07"]
[Round "-"]
[White "Steven DuCharme"]
[Black "Derek Price"]
[Result "0-1"]
[WhiteCountry "USA"]
[BlackCountry "ENG"]
[WhiteElo "1551"]
[WhiteRD "53"]
[BlackElo "2412"]
[BlackRD "81"]
[GameID "745166"]

1. c4 e5 2. g3 Nf6 3. Bg2 c6 4. Nc3 d5 5. cxd5 cxd5 6. e3 Nc6 7. Nge2 h5 8. h4 d4 9. Bxc6+ bxc6 10. exd4 exd4
11. Nb1 d3 12. Nf4 Bg4 13. f3 Bf5 14. O-O Qd4+ 15. Kg2 O-O-O 16. Nc3 Rg8
0-1

[Event "died "]
[Site "SchemingMind.com"]
[Date "2024.06.07"]
[Round "-"]
[White "Derek Price"]
[Black "Steven DuCharme"]
[Result "1-0"]
[WhiteCountry "ENG"]
[BlackCountry "USA"]
[WhiteElo "2422"]
[WhiteRD "66"]
[BlackElo "1571"]
[BlackRD "57"]
[GameID "745167"]

1. c4 Nf6 2. g3 c6 3. Bg2 d5 4. Qc2 e6 5. Nf3 Be7 6. d4 O-O 7. O-O a5 8. Nbd2 Nbd7 9. b3 Bb4 10. a3 Bxd2
11. Nxd2 e5 12. dxe5 Nxe5 13. Rd1 g6 14. Bb2 Re8 15. cxd5 cxd5 16. Ne4 Nxe4 17. Bxe4 Qb6 18. Rxd5 Ng4 19. Bd4 Qc6 20. Re5 Qxe4
21. Rxe4
1-0

[Event "died "]
[Site "SchemingMind.com"]
[Date "2024.06.08"]
[Round "-"]
[White "Steven DuCharme"]
[Black "mmccaffe"]
[Result "1/2-1/2"]
[WhiteCountry "USA"]
[BlackCountry "USA"]
[WhiteElo "1520"]
[WhiteRD "54"]
[BlackElo "1828"]
[BlackRD "71"]
[GameID "745168"]

1. b3 Nf6 2. Bb2 g6 3. g3 Bg7 4. Bg2 O-O 5. Nf3 d6 6. O-O Nbd7 7. d3 c5 8. Nbd2 Rb8 9. e4 b5 10. a3 a5
11. Re1 Bb7 12. c4 bxc4 13. Nxc4 Nb6 14. Nxa5 Ba8 15. Nc4 Na4 16. bxa4 d5 17. exd5 Bxd5 18. Bc3 Qc7 19. Ne3 Bb3 20. Qd2 Bxa4
21. Rab1 Rbd8 22. Be5 Qd7 23. Bf1 Qc6 24. Bg2 Qa6 25. Bf1=
1/2-1/2

[Event "died "]
[Site "SchemingMind.com"]
[Date "2024.06.07"]
[Round "-"]
[White "mmccaffe"]
[Black "Steven DuCharme"]
[Result "1-0"]
[WhiteCountry "USA"]
[BlackCountry "USA"]
[WhiteElo "1818"]
[WhiteRD "73"]
[BlackElo "1551"]
[BlackRD "53"]
[GameID "745169"]

1. c4 Nf6 2. Nf3 b6 3. g3 Bb7 4. Bg2 e6 5. O-O Be7 6. b3 O-O 7. Bb2 d6 8. d4 Nbd7 9. Nbd2 c5 10. e3 Ne4
11. Nxe4 Bxe4 12. Nd2 Bxg2 13. Kxg2 g6 14. e4 Bf6 15. Nf3 cxd4 16. Bxd4 Qe7 17. Qd2 Rfd8 18. Rad1 Nc5 19. Rfe1 Bxd4 20. Qxd4 f6
21. h4 a5 22. Nh2 h5 23. Nf1 e5 24. Qd2 g5 25. hxg5 fxg5 26. Qd5+ Qe6 27. Ne3 Qxd5 28. Nxd5 Rab8 29. Nf6+ Kf7 30. Nxh5 Kg6
31. g4 b5 32. cxb5 Rxb5 33. Rd5 Rb4 34. f3 a4 35. Red1 axb3 36. Rxd6+ Rxd6 37. Rxd6+ Kf7 38. axb3 Rxb3 39. Rf6+ Ke7 40. Rf5 Rb2+
41. Kg3 Nd3 42. Rxg5
1-0

[Event "died "]
[Site "SchemingMind.com"]
[Date "2024.06.07"]
[Round "-"]
[White "Steven DuCharme"]
[Black "MazetaFighter"]
[Result "0-1"]
[WhiteCountry "USA"]
[BlackCountry "GRE"]
[WhiteElo "1551"]
[WhiteRD "53"]
[BlackElo "2103"]
[BlackRD "77"]
[GameID "745170"]

1. Nf3 d5 2. e3 e6 3. c4 Nf6 4. cxd5 exd5 5. Nc3 c5 6. Bb5+ Nc6 7. Ne5 Bd7 8. Nxc6 bxc6 9. Be2 Bd6 10. O-O d4
11. exd4 cxd4 12. Nb1 O-O 13. d3 Qc7 14. g3 Rfe8 15. Bf3 h6 16. a3 Rab8 17. Nd2 Bf5 18. Nc4 Rbc8 19. Nxd6 Qxd6 20. Bf4 Qd7
21. b4 Nd5 22. Bd2 Bxd3 23. Re1 Bf5 24. Qb3 d3 25. a4 Nf6 26. a5 Ne4 27. Ra2 Nxd2
0-1

[Event "died "]
[Site "SchemingMind.com"]
[Date "2024.06.11"]
[Round "-"]
[White "MazetaFighter"]
[Black "Steven DuCharme"]
[Result "1-0"]
[WhiteCountry "GRE"]
[BlackCountry "USA"]
[WhiteElo "2103"]
[WhiteRD "77"]
[BlackElo "1551"]
[BlackRD "53"]
[GameID "745171"]

1. e4 c6 2. d4 g6 3. c3 Bg7 4. Nf3 d6 5. h3 Nf6 6. Bd3 O-O 7. O-O Qc7 8. Bf4 Nbd7 9. Na3 e5 10. Be3 exd4
11. cxd4 Re8 12. Qc2 a6 13. Rac1 d5 14. e5
1-0

[Event "died "]
[Site "SchemingMind.com"]
[Date "2024.06.07"]
[Round "-"]
[White "Steven DuCharme"]
[Black "Phillip Beckett"]
[Result "0-1"]
[WhiteCountry "USA"]
[BlackCountry "ENG"]
[WhiteElo "1520"]
[WhiteRD "54"]
[BlackElo "1472"]
[BlackRD "55"]
[GameID "745172"]

1. Nf3 Nf6 2. g3 g6 3. Bg2 Bg7 4. O-O d6 5. d4 O-O 6. Nbd2 Nbd7 7. e4 c6 8. c4 e5 9. dxe5 Nxe5 10. Qc2 Nxf3+
11. Bxf3 Re8 12. a4 Qc7 13. Ra3 Rb8 14. b4 Be6 15. Re1 d5 16. cxd5 Bd7 17. Bb2 Rbc8 18. e5 Nxd5 19. Bxd5 cxd5 20. Qxc7 Rxc7
21. Rc3 Rec8 22. Ra3 Rc2
0-1

[Event "died "]
[Site "SchemingMind.com"]
[Date "2024.06.07"]
[Round "-"]
[White "Phillip Beckett"]
[Black "Steven DuCharme"]
[Result "0-1"]
[WhiteCountry "ENG"]
[BlackCountry "USA"]
[WhiteElo "1529"]
[WhiteRD "51"]
[BlackElo "1551"]
[BlackRD "53"]
[GameID "745173"]

1. e4 c5 2. Nf3 d6 3. d4 cxd4 4. Nxd4 Nf6 5. Nc3 a6 6. Bg5 Nbd7 7. f4 h6 8. Bh4 g6 9. Qf3 Bg7 10. Bd3 Nc5
11. O-O-O Nxd3+ 12. Qxd3 Ng4 13. h3 Nf6 14. Bf2 O-O 15. g4 e5 16. fxe5 dxe5 17. Nf3 Qxd3 18. Rxd3 Re8 19. g5 hxg5 20. Nxg5 Bh6
21. Be3 Bxg5 22. Bxg5 Nh7 23. Be3 Be6 24. Rd6 Rad8 25. Rxd8 Rxd8 26. h4 b5 27. h5 Rb8 28. hxg6 fxg6 29. Rg1 Kg7 30. Nd5 Bxd5
31. exd5 Rd8 32. Rd1 Rd7 33. d6 Nf6 34. Bc5 Ne4 35. Rd5 Nxc5 36. Rxc5 Rxd6 37. Rxe5 Kf6 38. Rc5 g5 39. c4 bxc4 40. Rxc4 Kf5
41. Rc5+ Kg6 42. Kc2 g4 43. Rc3 Kg5 44. b4 Kh4 45. a4 g3 46. Rc8 Rg6 47. Rc4+ Kh3 48. Kb3 g2 49. Rc1 g1=Q 50. Rxg1 Rxg1
51. b5 axb5 52. axb5 Rb1+ 53. Ka4 Kg4 54. Ka5 Kf5 55. b6 Ke6 56. Ka6 Kd7 57. Ka7 Kc8 58. b7+ Rxb7+ 59. Ka8 Rb1
0-1

[Event "died "]
[Site "SchemingMind.com"]
[Date "2024.06.11"]
[Round "-"]
[White "Steven DuCharme"]
[Black "dpickin"]
[Result "1-0"]
[WhiteCountry "USA"]
[BlackCountry "ENG"]
[WhiteElo "1571"]
[WhiteRD "57"]
[BlackElo "1671"]
[BlackRD "62"]
[GameID "745174"]

1. Nf3 Nf6 2. g3 b6 3. Bg2 Nc6 4. O-O d5 5. d3 Bg4 6. Nbd2 e6 7. h3 Bxf3 8. Nxf3 Be7 9. b3 O-O 10. Bb2 h6
11. Re1 Qd6 12. e4 dxe4 13. dxe4 e5 14. a3 Qc5 15. b4 Qb5 16. Bf1 Qa4 17. Nxe5 Nxe5 18. Bxe5 c5 19. c3 Qc6 20. b5 Qe6
21. f4 Rfd8 22. Qc2 c4 23. Bxf6 Bxf6 24. e5 Be7 25. Kh2 a6 26. a4 axb5 27. axb5 Rxa1 28. Rxa1 Qd5 29. Bg2 Qxb5 30. Rb1 Qc5
31. Qb2 Rb8 32. Qb5 Qxb5 33. Rxb5 Bc5 34. Bf1 Rd8 35. Bxc4 Rd2+ 36. Kh1 Rd1+ 37. Kg2 Rd2+ 38. Kf3 g6 39. Kg4 Rg2 40. e6 h5+
41. Kf3 Rf2+ 42. Ke4 f5+ 43. Kd5 Kf8 44. Rxc5 bxc5 45. Kxc5 Ke7 46. Bd5 Rh2 47. h4 Rh3 48. Kd4 Rxg3 49. c4 Rg4 50. Ke5 Rxh4
51. c5 Rh2 52. Bc4 Rb2 53. c6 Rb8 54. Ba6 Rb6 55. c7 Rxe6+ 56. Kd5 Rd6+ 57. Kc5 Rd2 58. c8=Q
1-0

[Event "died "]
[Site "SchemingMind.com"]
[Date "2024.06.11"]
[Round "-"]
[White "dpickin"]
[Black "Steven DuCharme"]
[Result "1-0"]
[WhiteCountry "ENG"]
[BlackCountry "USA"]
[WhiteElo "1662"]
[WhiteRD "64"]
[BlackElo "1551"]
[BlackRD "53"]
[GameID "745175"]

1. d4 Nf6 2. c4 e6 3. Nf3 Bb4+ 4. Bd2 Qe7 5. Nc3 b6 6. a3 Bxc3 7. Bxc3 Bb7 8. e3 a5 9. Be2 Ne4 10. O-O Nxc3
11. bxc3 O-O 12. h3 a4 13. d5 exd5 14. cxd5 Na6 15. Qxa4 Nc5 16. Qd1 c6 17. c4 cxd5 18. cxd5 d6 19. Bc4 Qe4 20. Qd4 Rae8
21. Qxe4 Nxe4 22. Rfb1 b5 23. Rxb5 Ba6 24. Rb4 Bxc4 25. Rxc4 Nf6 26. Rd4
1-0

[Event "died "]
[Site "SchemingMind.com"]
[Date "2024.06.07"]
[Round "-"]
[White "Steven DuCharme"]
[Black "JAHI"]
[Result "0-1"]
[WhiteCountry "USA"]
[BlackCountry "INT"]
[WhiteElo "1551"]
[WhiteRD "53"]
[BlackElo "2163"]
[BlackRD "75"]
[GameID "745176"]

1. e4 d6 2. Nf3 Bg4 3. Bc4 e6 4. h3 Bxf3 5. Qxf3 Nd7 6. d4 Be7 7. O-O Ngf6 8. Nc3 Kf8 9. Bg5 h6 10. Bxf6 Bxf6
11. Rad1 Qc8 12. Rfe1 Kg8 13. g4 c6 14. Qg3 d5 15. Bf1 Qd8 16. e5 Bh4 17. Qf3 h5 18. Re3 Bg5 19. Red3 c5
0-1

[Event "died "]
[Site "SchemingMind.com"]
[Date "2024.06.07"]
[Round "-"]
[White "JAHI"]
[Black "Steven DuCharme"]
[Result "1-0"]
[WhiteCountry "INT"]
[BlackCountry "USA"]
[WhiteElo "2163"]
[WhiteRD "75"]
[BlackElo "1551"]
[BlackRD "53"]
[GameID "745177"]

1. c3 c5 2. c4 Nc6 3. Nc3 g6 4. h3 Bg7 5. h4 h5 6. d3 Bxc3+ 7. bxc3 Nf6 8. Nf3 O-O 9. Bg5 Nh7 10. e3 f6
11. Bh6 Re8 12. e4 e5 13. Nd2 d6 14. g3 a5 15. Bh3 Bxh3 16. Rxh3 Qd7 17. Rh1 Qg4 18. Qxg4 hxg4 19. Rb1 Re7 20. Nf1 Nb4
21. cxb4 axb4 22. h5 Rxa2 23. hxg6 Ng5 24. Bxg5 fxg5 25. Ne3 Rg7 26. Rh6 b5 27. cxb5 Rb7 28. Kf1 Rxb5 29. Nf5 b3 30. Rh7 b2
31. Nh6+
1-0

[Event "died "]
[Site "SchemingMind.com"]
[Date "2024.06.07"]
[Round "-"]
[White "Steven DuCharme"]
[Black "eliecercruzr"]
[Result "0-1"]
[WhiteCountry "USA"]
[BlackCountry "CUB"]
[WhiteElo "1520"]
[WhiteRD "54"]
[BlackElo "2437"]
[BlackRD "63"]
[GameID "745178"]

1. g3 e5 2. Bg2 d5 3. c3 Nf6 4. d3 Bd6 5. Nf3 O-O 6. O-O c6 7. Nbd2 h6 8. e4 Re8 9. Re1 Bg4 10. h3 Bh5
11. Qb3 Nbd7 12. Qxb7 Nc5 13. Qxc6 Rc8 14. Qb5 a6
0-1

[Event "died "]
[Site "SchemingMind.com"]
[Date "2024.06.07"]
[Round "-"]
[White "eliecercruzr"]
[Black "Steven DuCharme"]
[Result "1-0"]
[WhiteCountry "CUB"]
[BlackCountry "USA"]
[WhiteElo "2429"]
[WhiteRD "66"]
[BlackElo "1551"]
[BlackRD "53"]
[GameID "745179"]

1. e4 c5 2. Nf3 Nc6 3. d4 cxd4 4. Nxd4 Nf6 5. Nc3 e6 6. Nxc6 bxc6 7. e5 Nd5 8. Ne4 Be7 9. Qg4 g6 10. Nd6+ Bxd6
11. exd6 h5 12. Qf3 O-O 13. c4 Nb4 14. Qc3 a5 15. Bh6 f6 16. a3 Na6 17. Bxf8 Kxf8 18. g4 Nc5 19. Qe3 Qb6 20. Qh6+ Kg8
21. Qxg6+
1-0

[Event "died "]
[Site "SchemingMind.com"]
[Date "2024.06.07"]
[Round "-"]
[White "Steven DuCharme"]
[Black "Chesswitchery"]
[Result "0-1"]
[WhiteCountry "USA"]
[BlackCountry "USA"]
[WhiteElo "1520"]
[WhiteRD "54"]
[BlackElo "1618"]
[BlackRD "64"]
[GameID "745180"]

1. Nf3 d5 2. e3 c5 3. Bb5+ Bd7 4. Qe2 Nc6 5. O-O e6 6. Bxc6 Bxc6 7. Ne5 Bd7 8. f4 Nf6 9. Nxd7 Qxd7 10. d3 Be7
11. Nc3 O-O 12. g4 d4 13. exd4 cxd4 14. Ne4 Nxe4 15. Qxe4 f5 16. Qf3 fxg4 17. Qxg4 Rf6 18. Bd2 Rg6 19. h3 Rxg4+ 20. hxg4 Rf8
21. Rae1 e5 22. f5 Bd6 23. a3 g6
0-1

[Event "died "]
[Site "SchemingMind.com"]
[Date "2024.06.07"]
[Round "-"]
[White "Chesswitchery"]
[Black "Steven DuCharme"]
[Result "0-1"]
[WhiteCountry "USA"]
[BlackCountry "USA"]
[WhiteElo "1643"]
[WhiteRD "59"]
[BlackElo "1551"]
[BlackRD "53"]
[GameID "745181"]

1. d4 Nf6 2. c4 e6 3. e3 Bb4+ 4. Bd2 Nc6 5. a3 Bxd2+ 6. Nxd2 a5 7. Ngf3 O-O 8. Bd3 b6 9. O-O Ba6 10. Rc1 d5
11. e4 dxe4 12. Nxe4 Nxd4 13. Nxd4 Qxd4 14. Nxf6+ Qxf6 15. Qc2 g6 16. b4 Rfd8 17. b5 Bb7 18. f3 Qd4+ 19. Kh1 Qxd3 20. Qf2 Rd7
21. h3 Rad8 22. Qh4 Qd4 23. Qh6 Qg7 24. Qxg7+ Kxg7 25. a4 c5 26. h4 h5 27. Kh2 Rd4 28. g3 Rd2+ 29. Kh3 Ra2 30. Rcd1 Rxd1
31. Rxd1 Bxf3 32. g4 hxg4+
0-1

[Event "died "]
[Site "SchemingMind.com"]
[Date "2024.06.07"]
[Round "-"]
[White "Kenny Elliott"]
[Black "Derek Price"]
[Result "0-1"]
[WhiteCountry "USA"]
[BlackCountry "ENG"]
[WhiteElo "1414"]
[WhiteRD "71"]
[BlackElo "2422"]
[BlackRD "66"]
[GameID "745182"]

1. d4 d5 2. c4 c6 3. Nc3 Nf6 4. Nf3 e6 5. Bg5 h6 6. Bh4 dxc4 7. e4 g5 8. Bg3 b5 9. Qc2 Bb7 10. Be2 Nbd7
11. a3 Nh5 12. O-O Nxg3 13. fxg3 Bg7 14. Ne5 Nxe5 15. dxe5 Bxe5 16. Bh5 O-O 17. Rf3 Qe7 18. Raf1 f6 19. Nd1 c5 20. Ne3 Qh7
21. R3f2 Bxe4 22. Qc1 Rad8 23. Rd1 Rxd1+ 24. Qxd1 Bd4 25. Re2 Bd3 26. h4 Qe4 27. Kh2 Bxe2 28. Qxe2 Qxe3 29. Qg4 Qg1+ 30. Kh3 Qh1#
0-1

[Event "died "]
[Site "SchemingMind.com"]
[Date "2024.06.07"]
[Round "-"]
[White "Derek Price"]
[Black "Kenny Elliott"]
[Result "1-0"]
[WhiteCountry "ENG"]
[BlackCountry "USA"]
[WhiteElo "2422"]
[WhiteRD "66"]
[BlackElo "1414"]
[BlackRD "71"]
[GameID "745183"]

1. c4 c5 2. Nf3 Nf6 3. Nc3 g6 4. d4 Bg7 5. e3 O-O 6. Be2 d6 7. O-O Nc6 8. d5 Nb4 9. a3 Na6 10. e4 e5
11. dxe6 Bxe6 12. Bf4 Qe8 13. Bxd6 Rd8 14. e5 Nd7 15. Qb3 b6 16. Nb5 Bf5 17. Bxf8 Kxf8 18. Nd6 Qe6 19. Ng5 Qxe5 20. Ngxf7 Qxb2
21. Qxb2 Bxb2 22. Nxd8 Bxa1 23. Rxa1 Nc7 24. Nxf5 gxf5 25. Nc6
1-0

[Event "died "]
[Site "SchemingMind.com"]
[Date "2024.06.07"]
[Round "-"]
[White "Kenny Elliott"]
[Black "mmccaffe"]
[Result "0-1"]
[WhiteCountry "USA"]
[BlackCountry "USA"]
[WhiteElo "1448"]
[WhiteRD "68"]
[BlackElo "1818"]
[BlackRD "73"]
[GameID "745184"]

1. d4 d5 2. c4 e6 3. Nf3 Nf6 4. Bg5 Be7 5. Bxf6 Bxf6 6. Nc3 O-O 7. e3 c6 8. cxd5 exd5 9. Qb3 Qb6 10. Qxb6 axb6
11. Be2 Bf5 12. O-O Nd7 13. Rfe1 Rfe8 14. a4 Bc2 15. Bd1 Bxd1 16. Raxd1 Re7 17. Re2 Rae8 18. Rde1 Nf8 19. Kf1 Ne6 20. b4 Kf8
21. b5 h6 22. bxc6 bxc6 23. Rb1 Rb8 24. a5 b5 25. a6 Ra7 26. Ra2 Rba8 27. Rba1 Nc7 28. Nd2 Rxa6 29. Rxa6 Rxa6 30. Rxa6 Nxa6
31. Nb3 Ke7 32. Na5 Kd7 33. Ke1 Bd8 34. Nb3 Bb6 35. Ke2 Kd6 36. Na2 c5 37. dxc5+ Bxc5 38. Nxc5 Nxc5 39. f4 Ne4 40. Nb4 Kc5
41. Nd3+ Kb6 42. Ne5 f6 43. Nd7+ Ka5 44. Kd3 b4 45. Kd4 b3 46. Nc5 Nxc5
0-1

[Event "died "]
[Site "SchemingMind.com"]
[Date "2024.06.07"]
[Round "-"]
[White "mmccaffe"]
[Black "Kenny Elliott"]
[Result "1-0"]
[WhiteCountry "USA"]
[BlackCountry "USA"]
[WhiteElo "1828"]
[WhiteRD "71"]
[BlackElo "1507"]
[BlackRD "77"]
[GameID "745185"]

1. c4 c5 2. Nf3 Nf6 3. g3 g6 4. d4 Bg7 5. Bg2 d6 6. d5 O-O 7. Nc3 e6 8. e4 exd5 9. cxd5 Bg4 10. h3 Bxf3
11. Qxf3 Nxe4 12. Nxe4 Re8 13. O-O Bd4 14. Bg5 Qb6 15. Bh6 Nd7 16. Rfd1 Qxb2 17. Rab1 Qxa2 18. Rxb7 Qxd5 19. Rxd7 Rxe4 20. Rxd4 Qxd4
21. Qxf7+
1-0

[Event "died "]
[Site "SchemingMind.com"]
[Date "2024.06.07"]
[Round "-"]
[White "Kenny Elliott"]
[Black "MazetaFighter"]
[Result "0-1"]
[WhiteCountry "USA"]
[BlackCountry "GRE"]
[WhiteElo "1448"]
[WhiteRD "68"]
[BlackElo "2103"]
[BlackRD "77"]
[GameID "745186"]

1. d4 Nf6 2. Nc3 d5 3. Bf4 c5 4. e3 cxd4 5. exd4 a6 6. Nf3 Bg4 7. Be2 Nc6 8. Ne5 Bxe2 9. Qxe2 Nxd4 10. Qd3 Nc6
11. Nxc6 bxc6 12. O-O e6 13. Rae1 Bd6 14. Bg5 Be7 15. Qd4 O-O 16. Qa4 Qc7 17. Qd4 c5 18. Qd1 Rfd8 19. Qf3 Qa5 20. Rd1 c4
21. a3 Rab8 22. Bd2 Rxb2 23. Nxd5 Qxd5 24. Qxd5 Rxd5
0-1

[Event "died "]
[Site "SchemingMind.com"]
[Date "2024.06.11"]
[Round "-"]
[White "MazetaFighter"]
[Black "Kenny Elliott"]
[Result "1-0"]
[WhiteCountry "GRE"]
[BlackCountry "USA"]
[WhiteElo "2103"]
[WhiteRD "77"]
[BlackElo "1448"]
[BlackRD "68"]
[GameID "745187"]

1. e4 c5 2. Nf3 d6 3. d4 Bg4 4. dxc5 Qa5+ 5. Nc3 Qxc5 6. Be3 Qb4 7. Bb5+ Bd7 8. Qd3 Bxb5 9. Qxb5+ Qxb5 10. Nxb5 Kd7
11. Nxa7 h6 12. O-O-O f6 13. a3 e5 14. Rd3
1-0

[Event "died "]
[Site "SchemingMind.com"]
[Date "2024.06.07"]
[Round "-"]
[White "Kenny Elliott"]
[Black "Phillip Beckett"]
[Result "1-0"]
[WhiteCountry "USA"]
[BlackCountry "ENG"]
[WhiteElo "1448"]
[WhiteRD "68"]
[BlackElo "1529"]
[BlackRD "51"]
[GameID "745188"]

1. d4 d5 2. Nc3 Nf6 3. Bf4 c6 4. Nf3 Bg4 5. e3 e6 6. Be2 Bd6 7. Ne5 Bxe2 8. Qxe2 O-O 9. O-O Ne4 10. Nxe4 dxe4
11. Qg4 f6 12. Qxe6+ Kh8 13. Nf7+ Rxf7 14. Qxf7 Bxf4 15. Qxb7 Nd7 16. exf4 c5 17. Qxe4 cxd4 18. Qxd4 Nb6 19. Qxd8+ Rxd8 20. Rad1 Rc8
21. Rd2 Nc4 22. Rd7 Nxb2 23. Rxa7 h6 24. Rb1 Nc4 25. Rbb7 Nd6 26. Rc7 Rb8 27. h3 Nb5 28. c4 Nxa7 29. Rxa7 Rc8 30. a4 Rxc4
31. a5 Rxf4 32. a6 Ra4 33. Kf1 Kh7 34. Ke2 Ra3 35. Kd2 Ra2+ 36. Kc3 Rxf2 37. Rb7 Rxg2 38. a7 Ra2 39. Kc4 Kg6 40. Kc5 Kh5
41. Kc6 g5 42. Kc7 Kh4 43. Kb8 Kxh3 44. Rb6 g4 45. Kb7 g3 46. Ra6 Rb2+ 47. Kc6 Rc2+ 48. Kb5 h5 49. a8=Q g2 50. Qf3+ Kh2
51. Qxh5+ Kg1 52. Ra1+ Kf2 53. Qf5+
1-0

[Event "died "]
[Site "SchemingMind.com"]
[Date "2024.06.07"]
[Round "-"]
[White "Phillip Beckett"]
[Black "Kenny Elliott"]
[Result "1-0"]
[WhiteCountry "ENG"]
[BlackCountry "USA"]
[WhiteElo "1529"]
[WhiteRD "51"]
[BlackElo "1448"]
[BlackRD "68"]
[GameID "745189"]

1. e4 c5 2. Nf3 d6 3. d4 cxd4 4. Nxd4 e5 5. Nb3 Nf6 6. Nc3 Be6 7. Be2 Bxb3 8. axb3 Nc6 9. O-O Nd4 10. Bd3 Be7
11. Be3 O-O 12. Bxd4 exd4 13. Ne2 Qb6 14. Kh1 Ng4 15. h3 Ne5 16. f4 Nxd3 17. Qxd3 Rac8 18. Nxd4 Bf6 19. Rad1 Bxd4 20. Qxd4 Qxd4
21. Rxd4 Rxc2 22. Rxd6 Rxb2 23. Rf3 Ra8 24. Rd7 b5 25. Rfd3 h6 26. Rb7 a5 27. Rxb5 a4 28. bxa4 Rxa4 29. Rd8+ Kh7 30. Rxb2 Rxe4
31. g3 Re1+ 32. Kg2
1-0

[Event "died "]
[Site "SchemingMind.com"]
[Date "2024.06.11"]
[Round "-"]
[White "Kenny Elliott"]
[Black "dpickin"]
[Result "0-1"]
[WhiteCountry "USA"]
[BlackCountry "ENG"]
[WhiteElo "1448"]
[WhiteRD "68"]
[BlackElo "1662"]
[BlackRD "64"]
[GameID "745190"]

1. d4 Nf6 2. c4 e6 3. Nf3 Be7 4. Nc3 h6 5. e4 O-O 6. Bd3 e5 7. Nxe5 d6 8. Nf3 Bg4 9. h3 Bxf3 10. Qxf3 Nbd7
11. O-O c5 12. e5 dxe5 13. Qg3 Nh5 14. Qf3 Nhf6 15. Qg3 exd4 16. Bxh6 Nh5 17. Qg4 Ndf6 18. Ne4 Nxg4
0-1

[Event "died "]
[Site "SchemingMind.com"]
[Date "2024.06.11"]
[Round "-"]
[White "dpickin"]
[Black "Kenny Elliott"]
[Result "1-0"]
[WhiteCountry "ENG"]
[BlackCountry "USA"]
[WhiteElo "1662"]
[WhiteRD "64"]
[BlackElo "1448"]
[BlackRD "68"]
[GameID "745191"]

1. d4 d5 2. c4 c6 3. Nf3 Nf6 4. Bg5 Ne4 5. e3 Bg4 6. Bf4 Qa5+ 7. Ke2 Qb4 8. b3 dxc4 9. h3 Be6 10. Nbd2 Nxd2
11. Nxd2 cxb3 12. axb3 Nd7 13. e4 Qxd4 14. Be3 Qf6 15. Bxa7 g6 16. Ra4 Bg7 17. Bd4 Ne5 18. Bxe5 Qxe5 19. Rxa8+ Kd7 20. Nc4+
1-0

[Event "died "]
[Site "SchemingMind.com"]
[Date "2024.06.07"]
[Round "-"]
[White "Kenny Elliott"]
[Black "JAHI"]
[Result "0-1"]
[WhiteCountry "USA"]
[BlackCountry "INT"]
[WhiteElo "1448"]
[WhiteRD "68"]
[BlackElo "2163"]
[BlackRD "75"]
[GameID "745192"]

1. d4 d6 2. e4 g6 3. Nf3 Bg4 4. Be2 Bg7 5. Nbd2 Kf8 6. b3 Nd7 7. Bb2 Ngf6 8. O-O Ne8 9. Bc4 e6 10. Qc1 Bxf3
11. Nxf3 Kg8 12. Ng5 h6 13. Nxf7 Kxf7 14. Qf4+ Qf6 15. Qg4 h5 16. Qg3 Kg8 17. e5 Qf7 18. Rae1 dxe5 19. dxe5 Bf8 20. Bd3 Kh7
21. f4 Ng7 22. Rf3 Nf5 23. Bxf5 gxf5 24. Qh3 Nc5 25. Rfe3 Rd8 26. Qh4 Be7 27. Qf2 Ne4 28. Qe2 Bc5 29. Kh1 Bxe3 30. Qxe3 Rd2
31. Qxa7 Qg7 32. g3 Rxh2+ 33. Kxh2 Qxg3+
0-1

[Event "died "]
[Site "SchemingMind.com"]
[Date "2024.06.07"]
[Round "-"]
[White "JAHI"]
[Black "Kenny Elliott"]
[Result "1-0"]
[WhiteCountry "INT"]
[BlackCountry "USA"]
[WhiteElo "2163"]
[WhiteRD "75"]
[BlackElo "1448"]
[BlackRD "68"]
[GameID "745193"]

1. c3 e5 2. c4 Bc5 3. Nc3 Nf6 4. d3 h6 5. Bd2 Nc6 6. Rc1 O-O 7. a3 d6 8. g3 Nd4 9. Bh3 Bxh3 10. Nxh3 Qd7
11. Ng1 Qc6 12. Nf3 Nxf3+ 13. exf3 a6 14. Kf1 Bd4 15. Kg2 Qb6 16. Qc2 Bxf2 17. Bxh6 gxh6 18. Qxf2 Qc6 19. g4 Nxg4 20. Qh4 Ne3+
21. Kf2 Nf5 22. Qg4+ Kh8 23. Qxf5 Qc5+ 24. Kf1 Qe3 25. Rd1 Qg5 26. Qxg5
1-0

[Event "died "]
[Site "SchemingMind.com"]
[Date "2024.06.07"]
[Round "-"]
[White "Kenny Elliott"]
[Black "eliecercruzr"]
[Result "0-1"]
[WhiteCountry "USA"]
[BlackCountry "CUB"]
[WhiteElo "1507"]
[WhiteRD "77"]
[BlackElo "2437"]
[BlackRD "63"]
[GameID "745194"]

1. d4 Nf6 2. c4 e6 3. Nc3 Bb4 4. Bd2 O-O 5. Qb3 c5 6. a3 Bxc3 7. Bxc3 cxd4 8. Bxd4 Nc6 9. Nf3 Nxd4 10. Nxd4 e5
11. Nb5 d5 12. e3 d4 13. exd4 a6 14. dxe5 axb5 15. exf6 Qa5+ 16. Qc3 b4
0-1

[Event "died "]
[Site "SchemingMind.com"]
[Date "2024.06.07"]
[Round "-"]
[White "eliecercruzr"]
[Black "Kenny Elliott"]
[Result "1-0"]
[WhiteCountry "CUB"]
[BlackCountry "USA"]
[WhiteElo "2437"]
[WhiteRD "63"]
[BlackElo "1507"]
[BlackRD "77"]
[GameID "745195"]

1. e4 c5 2. d4 cxd4 3. Qxd4 Nc6 4. Qe3 e5 5. Bc4 Nf6 6. Nf3 d5 7. exd5 Nxd5 8. Qe2 Nb6 9. Nxe5 Nxe5 10. Qxe5+ Be7
11. Qxg7 Rf8 12. Be2 Be6 13. O-O Qc7 14. Nc3 O-O-O 15. Nb5 Qxc2 16. Qe5 Kd7 17. Bh6 Rg8 18. Rfd1+ Ke8 19. Nc7+
1-0